000 01445namaa22003251i 4500
005 20260630115038.0
008 260630s1994 ua a|||frm||| 000 0 eng d
040 _aEG-GICUC
_beng
_cEG-GICUC
_dEG-GICUC
_erda
041 0 _aeng
_beng
_bara
049 _aDeposite
097 _aM.Sc
099 _aCai01.11.01.M.Sc.1994.Eh.N.
100 0 _aEhab Ibrahim Hanafy Ibrahim,
_epreparation.
245 1 0 _aNon Relaxant Properties Of Musicle Relaxants /
_cBy Ehab Ibrahim Hanafy Ibrahim; Supervised By Prof.Dr. Abd EL-Meguid Mahmoud Taha, Prof.Dr. Mohamed Salah EL-Din EL-Khatib, Dr. Ahmed EL-Badawy Khalil.
246 1 5 _aدراسة تأثير المرخيات العضلية على أعضاء الجسم الأخرى /
264 0 _c1994.
300 _a75 pages :
_billustrations ;
_c30 cm. +
336 _2rda content
_atext
337 _2rdamedia
_aUnmediated
338 _2rdacarrier
_avolume
502 _aThesis (M.Sc.) -Cairo University, 1994.
504 _aBibliography: pages 61-75.
653 0 _aAnesthesiology
700 0 _aAbd EL-Meguid Mahmoud Taha
_ethesis advisor.
700 0 _aMohamed Salah EL-Din EL-Khatib
_ethesis advisor.
700 0 _aAhmed EL-Badawy Khalil
_ethesis advisor.
900 _DDepartment of Anesthesiology
_FFaculty of Medicine
_UCairo University
_b1994
_cAbd EL-Meguid Mahmoud Taha
_cMohamed Salah EL-Din EL-Khatib
_cAhmed EL-Badawy Khalil
905 _aEman El gebaly
942 _2ddc
_cTH
_e21
_n0
999 _c180658